00930nam a22002175i 4500001000700000003000900007005001700016008004100033040003000074100004200104245008200146260007500228300005200303597006800355597001100423650003600434752002400470852007300494999001900567952012600586162182ES-MaACL20250729042042.0990705s1830 fr |||| | fre d aCCPB | B bspa cCCPB | B1 aPinheiro-Ferreira, Silvestre.913117010aCours de droit public interne et externe / cpar Silvestre Pinheiro-Ferreira. aParis : bRey et Gravier, libraires : bJ.P. Aillaud, libraire,c1830. a2 v. (VIII, 499, [1] ; VIII, 420 p.) ; c21 cm. 1aEn las VIII p. del 2º tomo, hay 4 p. con paginación 419-422. 1aAntep. 7aDerecho público2embne911763 aFrancia - dParís aES-MaACLjG-12064 z-- Enc. piel q-- Solo T.I hasta la página 440 c162182d162182 001040708LIBXIXaATENEOMbATENEOMcSPP3d2008-01-17eSSCl0oG-12064p1169904r2023-02-23 00:00:00w2023-02-23yMONANT